000 00430nam a2200169Ia 4500
005 20250508160141.0
008 008 250505s9999 xx 000 0 hin d
037 _aTextual
040 _aFEDL
_beng
_cFEDL
041 _ahin
_2eng
084 _a891.431, SAK
_qFEDL
100 _aSaxsena Shambhudayal
_9767745
245 0 _aPalana
300 _a60p.
942 _cTEXL
_h891.431, SAK
999 _c1362233
_d1362233